Real vs. Fake Flags - Expert Edition - Statistics

General Stats
  • This quiz has been taken 1,889 times
  • The average score is 7 of 15
Answer Stats
Question Answer % Correct
Mauritius - Which flag is real?
78%
Jordan - Which flag is real?
76%
St. Vincent & the Grenadines - Which flag is real?
74%
Cabo Verde - Which flag is real?
71%
Panama - Which flag is real?
59%
Tuvalu - Which flag is real?
58%
Uzbekistan - Which flag is real?
52%
Zambia - Which flag is real?
46%
South Korea - Which flag is real?
34%
Vanuatu - Which flag is real?
33%
Kazakhstan - Which flag is real?
31%
Eritrea - Which flag is real?
29%
Croatia - Which flag is real?
29%
Turkmenistan - Which flag is real?
27%
Moldova - Which flag is real?
17%
No matching quizzes found
Score Distribution
Percent of People with Each Score
Percentile by Number Answered
Your Score History
You have not taken this quiz